[Peniaze a monetárne teórie]
Recenzia na publikáciu Gonda, V.: Peniaze a monetárne teórie. Autor sústreďuje svoju pozornosť na porovnanie dvoch najvýznamnejších peňažných teórií súčasnosti - teoretických koncepcií J.M. Keynesa a M. Friedmana. Vychádza z poznania, že i keď uvedené prúdy ekonomického myslenia sa líšia, zhodujú s...
Gespeichert in:
| 1. Verfasser: | |
|---|---|
| Format: | Buchkapitel |
| Sprache: | Slowakisch |
| Schlagworte: | |
| Tags: |
Keine Tags, Fügen Sie das erste Tag hinzu!
|
MARC
| LEADER | 00000naa$a2200000$$$4500 | ||
|---|---|---|---|
| 001 | 0033482 | ||
| 005 | 20231108130436.4 | ||
| 041 | 0 | |a slo | |
| 044 | |a SK | ||
| 245 | 1 | 0 | |a [Peniaze a monetárne teórie] |c Mária Farkašovská |
| 520 | |a Recenzia na publikáciu Gonda, V.: Peniaze a monetárne teórie. Autor sústreďuje svoju pozornosť na porovnanie dvoch najvýznamnejších peňažných teórií súčasnosti - teoretických koncepcií J.M. Keynesa a M. Friedmana. Vychádza z poznania, že i keď uvedené prúdy ekonomického myslenia sa líšia, zhodujú sa v tom, že monetárne autority majú rozhodujúci vplyv na chovanie v jednotlivých ekonomík. Kniha je koncipovaná predovšetkým ako vysokoškolská učebnica. | ||
| 610 | 2 | 0 | |a recenzie |
| 610 | 2 | 0 | |a peniaze |
| 610 | 2 | 0 | |a politika menová |
| 610 | 2 | 0 | |a teórie ekonomické |
| 100 | 1 | |a Farkašovská, Mária | |